书目信息 |
| 题名: |
韩非子
|
|
| 作者: | 韩非 著 ;梁海明 译著 | |
| 分册: | ||
| 出版信息: | 太原 山西古籍出版社 1999.09 |
|
| 页数: | ||
| 开本: | ||
| 丛书名: | 中华传世名著精华丛书 | |
| 单 册: | ||
| 中图分类: | B223.5 , B226.5 | |
| 科图分类: | ||
| 主题词: | 先秦哲学 | |
| 电子资源: | ||
| ISBN: | 7-80598-315-1 | |
| 000 | 00672nam0 2200217 450 | |
| 001 | 2634670944 | |
| 005 | 20260414094011.02 | |
| 010 | @a7-80598-315-1@dCNY6.80 | |
| 100 | @a20061020d1999 km y0chiy0120 ea | |
| 101 | 0 | @achi |
| 200 | 1 | @a韩非子@AHan Fei Zi@f韩非著@FHan Fei Zhu@g梁海明译著@GLiang Hai Ming Yi Zhu |
| 210 | @a太原@c山西古籍出版社@d1999.09 | |
| 225 | 2 | @a中华传世名著精华丛书@f李捷主编 |
| 410 | 0 | @12001 @a中华传世名著精华丛书@1701 0@a李捷@Ali jie@4主编 |
| 606 | 0 | @a先秦哲学 |
| 690 | @aB223.5@v3 | |
| 690 | @aB226.5@v4 | |
| 701 | 0 | @a韩非@AHan Fei@4著 |
| 702 | 0 | @a梁海明@ALiang Hai Ming@4译著 |
| 801 | 0 | @aCN@bPFT@c20061020 |
| 905 | @a10447@dB226.5@e1175 | |
| 韩非子/韩非著/梁海明译著.-太原:山西古籍出版社,1999.09 |
| (中华传世名著精华丛书/李捷主编) |
| ISBN 7-80598-315-1:CNY6.80 |
| ● |
| 相关链接 |
|
|
|
|
正题名:韩非子
索取号:B226.5/1175
 
预约/预借
| 序号 | 登录号 | 条形码 | 馆藏地/架位号 | 状态 | 备注 |
| 1 | 1442623 | 214426236 | 第一样本阅览室/ [索取号:B226.5/1175] | 在馆 |